Statistiche per Elenca la formazione - Quiz n°89

Clicka qui per fare il quiz!

Statistiche generali

  • Questo quiz è stato fatto 21 volte
  • Il punteggio medio è 11 su 11

Statistiche sulle risposte

RuoloNazioneCalciatore% Corretto
DifensoreItaliaAndrea Barzagli
100%
CentrocampistaCileArturo Vidal
100%
AttaccanteArgentinaCarlos Tévez
100%
CentrocampistaItaliaClaudio Marchisio
100%
PortiereItaliaGianluigi Buffon
100%
DifensoreItaliaGiorgio Chiellini
100%
DifensoreItaliaLeonardo Bonucci
100%
CentrocampistaSvizzeraStephan Lichtsteiner
95%
CentrocampistaItaliaAndrea Pirlo
90%
CentrocampistaGhanaKwadwo Asamoah
90%
AttaccanteMontenegroMirko Vučinić
90%

Distribuzione punteggi

Percentile per numero di risposta

Percentuale di utenti per punteggio

I tuoi punteggi nel tempo

Non hai fatto questo quiz